000
00338nam a22001577a 4500
003
SGT
020
_a
9789389354058
082
_a
615
_b
A19M
100
_a
MEDHI, BIKASH
245
_a
ADVANCED PHARMACOLOGY
250
_a
2ND
260
_a
HYDRABAD
_b
PHARMA MED PRESS
_c
2019
300
_a
643
650
_a
PHARMACOLOGY
942
_2
ddc
_c
BK
999
_c
23497
_d
23497